000 00302 a2200145 4500
001 177552
020 _a
040 _cMagnum
100 _aGrafalco
240 1 0 _aLa cigarra y la hormiga
_lESP
245 1 0 _aLa cigarra y la hormiga
362 0 _a1899
697 _aMAGNITO: I/FABULAS
942 _cBK
999 _c177552
_d177552